Nombres de perro más comunes en España - Estadísticas

Estadísticas generales
  • Esta prueba ha sido intentada 223 veces
  • La puntuación promedio es 4 de 20
Estadísticas de respuestas
Género Nombre % Correcto
Femenino Luna
53%
Masculino Coco
42%
Lola
40%
Max
40%
Nala
29%
Kira
26%
Thor
26%
Leo
21%
Rocky
18%
Simba
18%
Bimba
17%
Zeus
16%
Mia
14%
Noa
11%
Bruno
10%
Ron
9%
Duna
7%
Jack
7%
Trufa
4%
Kala
2%
No se encontraron pruebas coincidentes
Distribución de puntuación
Porcentaje de gente con cada puntuación
Porcentaje por número respondido
Historial de tus puntuaciones
No has intentado esta prueba.